Microsoft Excel 97. Schritt für Schritt (Record no. 3359)

MARC details
000 -LEADER
fixed length control field 00417nam a22001697i 4500
001 - CONTROL NUMBER
control field 3409
003 - CONTROL NUMBER IDENTIFIER
control field OSt
005 - DATE AND TIME OF LATEST TRANSACTION
control field 20170126082318.0
007 - PHYSICAL DESCRIPTION FIXED FIELD--GENERAL INFORMATION
fixed length control field tu
008 - FIXED-LENGTH DATA ELEMENTS--GENERAL INFORMATION
fixed length control field 161220s1997 xxu||||| |||| 00| 0 d
024 7# - OTHER STANDARD IDENTIFIER
Standard number or code 3408
Source of number or code RID
040 ## - CATALOGING SOURCE
Transcribing agency OSt
110 2# - MAIN ENTRY--CORPORATE NAME
Corporate name or jurisdiction name as entry element Catapult Inc.
Relator term Ed.
245 00 - TITLE STATEMENT
Title Microsoft Excel 97. Schritt für Schritt
260 ## - PUBLICATION, DISTRIBUTION, ETC.
Place of publication, distribution, etc. Unterschleißheim :
Name of publisher, distributor, etc. Microsoft Press,
Date of publication, distribution, etc. 1997.
300 ## - PHYSICAL DESCRIPTION
Extent 358 S. :
Other physical details Diskette ;
Dimensions 30cm.
942 ## - ADDED ENTRY ELEMENTS (KOHA)
Koha item type Book
Holdings
Withdrawn status Lost status Damaged status Not for loan Home library Current library Shelving location Date acquired Inventory number Total Checkouts Full call number Barcode Date last seen Price effective from Koha item type
        WIIW WIIW Library 03/12/1997 3409   II-6.135 303407 01/26/2017 01/26/2017 Book
The Vienna Instiute for International Economic Studies (wiiw)